Сумасшедший Корабль: роман

Bibliografiske detaljer
Hovedforfatter: Форш О. Д. Ольга Дмитриевна
Andre forfattere: Осипова М. В. (иллюстратор)
Summary:Роман русской советской писательницы, выдающегося мастера прозы Ольги Дмитриевны Форш (1873-1961) `Сумасшедший Корабль` посвящен духовной жизни Петрограда первых лет революции, когда решалась судьба страны, культуры, интеллигенции и народа. В своеобразной стилистической манере автор воссоздает быт и атмосферу Дома искусств, называя его Сумасшедшим Кораблем, плывущим по волнам-главам из прошлого в будущее, описывает подлинные события и подлинные судьбы многих известных советских писателей.
Sprog:russisk
Udgivet: Москва, Современник, 1990
Fag:
Format: MixedMaterials Bog
KOHA link:https://koha.lib.tpu.ru/cgi-bin/koha/opac-detail.pl?biblionumber=151331

MARC

LEADER 00000nam0a2200000 4500
001 151331
005 20231101221542.0
010 |a 5270012324 
020 |a RU  |b 90-68706 
035 |a (RuTPU)RU\TPU\book\164074 
090 |a 151331 
100 |a 20090122d1990 m y0rusy5003 ca 
101 0 |a rus 
102 |a RU 
105 |a a z 000ay 
200 1 |a Сумасшедший Корабль  |e роман  |f О. Д. Форш  |g худож. М. В. Осипова 
210 |a Москва  |c Современник  |d 1990 
215 |a 127 с.  |d 20 см 
330 |a Роман русской советской писательницы, выдающегося мастера прозы Ольги Дмитриевны Форш (1873-1961) `Сумасшедший Корабль` посвящен духовной жизни Петрограда первых лет революции, когда решалась судьба страны, культуры, интеллигенции и народа. В своеобразной стилистической манере автор воссоздает быт и атмосферу Дома искусств, называя его Сумасшедшим Кораблем, плывущим по волнам-главам из прошлого в будущее, описывает подлинные события и подлинные судьбы многих известных советских писателей. 
610 1 |a Великая Октябрьская социалистическая революция 
610 1 |a Писатели советские 
610 1 |a Петроград 
610 1 |a романы 
675 |a Р2  |z rus 
700 1 |a Форш  |b О. Д.  |c русская писательница  |f 1873-1961  |g Ольга Дмитриевна  |2 stltpush  |3 (RuTPU)RU\TPU\pers\3662  |9 801 
702 1 |a Осипова  |b М. В.  |4 440 
801 0 |a RU  |b RuMRKP  |c 19950417  |g psbo 
801 1 |a RU  |b 63413507  |c 20090122  |g PSBO 
801 2 |a RU  |b 63413507  |c 20180426  |g PSBO 
942 |c BK